Reading ancient texts (Record no. 214881)
[ view plain ]
| 000 -LEADER | |
|---|---|
| fixed length control field | 01484nam a2200361Ia 4500 |
| 245 00 - TITLE STATEMENT | |
| Title | Reading ancient texts |
| 260 ## - PUBLICATION, DISTRIBUTION, ETC. (IMPRINT) | |
| Place of publication | Leiden ; |
| -- | Boston : |
| Name of publisher | Brill, |
| Year of publication | c2007- |
| 300 ## - PHYSICAL DESCRIPTION | |
| Number of Pages | xxv, 226 p. : |
| Other physical details | 1 col. ill. |
| 490 1# - SERIES STATEMENT | |
| Series statement | Brill's studies in intellectual history, |
| 650 #0 - SUBJECT ADDED ENTRY--TOPICAL TERM | |
| Topical Term | Philosophy, Ancient. |
| Topical Term | Pre-Socratic philosophers. |
| 700 1# - ADDED ENTRY--PERSONAL NAME | |
| Personal name | O'Brien, Denis, |
| Personal name | Stern-Gillet, Suzanne, |
| Personal name | Corrigan, Kevin. |
| 856 40 - ELECTRONIC LOCATION AND ACCESS | |
| Uniform Resource Identifier | http://site.ebrary.com/lib/rucke/Doc?id=10363750 |
No items available.
